| 000 | 00705nam a2200253 a 4500 | ||
|---|---|---|---|
| 001 | 6727 | ||
| 003 | BD-RjUL | ||
| 005 | 20211208234312.0 | ||
| 008 | 140112s1978 ohu 001 0 eng | ||
| 020 | _a0538130806 | ||
| 035 | _a(BD-RjUL)6768 | ||
| 040 |
_aDLC _cDLC _dDLC _dBD-RjUL _beng |
||
| 041 | _aeng | ||
| 082 | 0 | 0 |
_219 _a513.93 _bGOB 1978 |
| 100 | 1 |
_aGossage, Loyce C. _921156 |
|
| 245 | 1 | 0 |
_aBusiness mathematics : _ba college course / _cLoyce C. Gossage. |
| 250 | _a2d ed. | ||
| 260 |
_aCincinnati : _bSouth-Western Pub. Co., _cc1978. |
||
| 300 |
_aviii, 568 p. ; _c23 cm. |
||
| 504 | _aIncludes index. | ||
| 650 | 0 |
_aBusiness mathematics. _99732 |
|
| 942 |
_2ddc _cBK |
||
| 999 |
_c6727 _d6727 |
||